Case Study As a Method of Research in Political Science

Výhody a slabosti prípadovej štúdie a odlišná metodológia politológie. Definícia a história prípadovej štúdie, analýza teoretického pozadia na úrovni epistemológie a metodológie. Príklad výskumu zameraného na štúdium hypotézy regulačného chladu týkajúcej sa investičných arbitrážnych režimov s cieľom...

Descripción completa

Guardado en:
Detalles Bibliográficos
Autor principal: Karas, Martin, 1991-
Formato: Capítulo de libro
Lenguaje:inglés
Materias:
Etiquetas: Agregar Etiqueta
Sin Etiquetas, Sea el primero en etiquetar este registro!

MARC

LEADER 00000naa$a2200000$$$4500
001 0249541
005 20240502074006.4
041 0 |a eng 
044 |a SK 
245 1 0 |a Case Study As a Method of Research in Political Science  |c Martin Karas 
520 |a Výhody a slabosti prípadovej štúdie a odlišná metodológia politológie. Definícia a história prípadovej štúdie, analýza teoretického pozadia na úrovni epistemológie a metodológie. Príklad výskumu zameraného na štúdium hypotézy regulačného chladu týkajúcej sa investičných arbitrážnych režimov s cieľom ďalšieho objasnenia problémov spojených so štúdiom sociálnej reality prostredníctvom prostriedkov prípadovej štúdie 
610 2 0 |a politika 
610 2 0 |a politológia 
610 2 0 |a metódy výskumu 
610 2 0 |a metódy vied spoločenských 
610 2 0 |a štúdie prípadové 
610 2 0 |a metodológia 
610 2 0 |a veda 
100 1 |a Karas, Martin, 1991-